<?xml version="1.0" encoding="UTF-8"?>
<collection xmlns="http://www.loc.gov/MARC21/slim">
 <record>
  <leader>00700nam a22001695a 4500</leader>
  <controlfield tag="001">CEM.cems012044</controlfield>
  <controlfield tag="005">20070418142231.0</controlfield>
  <controlfield tag="008">130507s2005##################000#0#####d</controlfield>
  <controlfield tag="003">CEMS</controlfield>
  <datafield tag="082" ind1="0" ind2="4">
   <subfield code="a">918.21</subfield>
  </datafield>
  <datafield tag="100" ind1="1" ind2=" ">
   <subfield code="a">Cernadas de Bulnes, Mabel</subfield>
  </datafield>
  <datafield tag="245" ind1="1" ind2="0">
   <subfield code="a">Problemáticas sociopolíticas y económicas en el sudoeste bnaerense /</subfield>
   <subfield code="c">Mabel Cernadas de Bulnes ; maría Del Carmen Vaquero</subfield>
  </datafield>
  <datafield tag="260" ind1=" " ind2=" ">
   <subfield code="a">Argentina :</subfield>
   <subfield code="b">Ediuns,</subfield>
   <subfield code="c">2005</subfield>
  </datafield>
  <datafield tag="300" ind1=" " ind2=" ">
   <subfield code="a">404 p.</subfield>
  </datafield>
  <datafield tag="505" ind1="0" ind2=" ">
   <subfield code="a">En el marco de las III Jornadas Interdisciplinarias del Sudoeste Bonaerense, Universidad Nacional del Sur, 02 al 04 de Septiembre de 2004.-</subfield>
  </datafield>
  <datafield tag="700" ind1="1" ind2=" ">
   <subfield code="a">Vaquero, María del Carmen</subfield>
  </datafield>
  <datafield tag="859" ind1=" " ind2=" ">
   <subfield code="a">CEMS</subfield>
   <subfield code="b">BIB. CEMS - 11 de abril</subfield>
   <subfield code="h">918.21</subfield>
   <subfield code="i">C335</subfield>
   <subfield code="p">23241.05</subfield>
   <subfield code="t">Ej.1</subfield>
  </datafield>
 </record>
</collection>
